000 00646nam a22001697a 4500
008 151208b xxu||||| |||| 00| 0 eng d
020 _a0970045506
041 0 _aeng
080 _a658.8
100 1 _aAxelrod, Terry.
245 1 0 _aRaising More Money :
_cTerry Axelrod.
250 _a2nd ed.
260 _aSeattle, WA :
_bRaising More Money Publications,
_c2001.
300 _a266 f. :
_bme ill. ;
_c24 cm.
650 0 _aRritja e fondeve
_xMenaxhimi
942 _2udc
_cBK
999 _c1398
_d1398